[Event "Internet Section 06A g/8'+2\""]
[Site "Dos Hermanas"]
[Date "2004.03.06"]
[Round "1"]
[White "Julia, Ernesto"]
[Black "Nunez Campero, Eduardo"]
[Result "1-0"]
[WhiteElo "2387"]
[BlackElo "1451"]
[PlyCount "87"]
[EventDate "2004.03.06"]
[EventType "swiss (blitz)"]
[EventRounds "9"]
[EventCountry "ESP"]
[SourceTitle "CBM 099 Extra"]
[Source "ChessBase"]
[SourceDate "2004.05.04"]
[SourceVersion "1"]
[SourceVersionDate "2004.05.04"]
[SourceQuality "1"]

1. d4 Nf6 2. c4 c5 3. d5 e5 4. Nc3 d6 5. e4 Be7 6. h3 Bd7 7. Nf3 h6 8. Qb3 Qc7 9. g3 a6 10. Bg2 0-0 11. 0-0 Qc8 12. Kh2 Qc7 13. Be3 b6 14. Rg1 Ra7 15. a4 Rb7 16. Nh4 Ne8 17. Nf5 Bxf5 18. exf5 Bf6 19. Bf1 Nd7 20. Bd3 Kh7 21. h4 Rg8 22. Qc2 Qd8 23. Kg2 Qe7 24. Rh1 Kh8 25. Qd2 Kh7 26. Be4 Qf8 27. g4 g5 28. hxg5 Bd8 29. Rxh6+ Qxh6 30. gxh6 Rxg4+ 31. Kf3 Nef6 32. Bd3 e4+ 33. Nxe4 Ne5+ 34. Ke2 Nxe4 35. Bxe4 Rxe4 36. b3 Bg5 37. Rg1 Bxe3 38. fxe3 Re7 39. Kd1 f6 40. Qg2 Rg4 41. Qh1 Nd3 42. Kc2 Nf2 43. Qh2 Rxg1 44. Qxg1 1-0

[Event "Internet Section 06A g/8'+2\""]
[Site "Dos Hermanas"]
[Date "2004.03.06"]
[Round "9"]
[White "McKenzie, Mark"]
[Black "Nunez Campero, Eduardo"]
[Result "0-1"]
[WhiteElo "1389"]
[BlackElo "1460"]
[PlyCount "86"]
[EventDate "2004.03.06"]
[EventType "swiss (blitz)"]
[EventRounds "9"]
[EventCountry "ESP"]
[SourceTitle "CBM 099 Extra"]
[Source "ChessBase"]
[SourceDate "2004.05.04"]
[SourceVersion "1"]
[SourceVersionDate "2004.05.04"]
[SourceQuality "1"]

1. e4 e6 2. d4 d5 3. Nd2 Nf6 4. e5 Nfd7 5. Ngf3 c5 6. c3 a6 7. Bd3 c4 8. Bc2 Be7 9. 0-0 0-0 10. Nb1 f5 11. exf6 Nxf6 12. Ne5 Nc6 13. Ng4 Nxg4 14. Qxg4 e5 15. Qh5 e4 16. Nd2 Rf5 17. Qe2 Rf6 18. Nxe4 dxe4 19. Qxe4 Bf5 20. Qe2 Bxc2 21. Qxc2 Rg6 22. Bf4 Qd5 23. f3 Rf8 24. Bg3 Bg5 25. Qe2 Re6 26. Qc2 Be3+ 27. Kh1 Qh5 28. Rfe1 Rg6 29. Rxe3 Rxg3 30. Rae1 Rg6 31. Re8 Rh6 32. Rxf8+ Kxf8 33. h3 Rf6 34. Qe4 Qf7 35. Qg4 g6 36. Qc8+ Kg7 37. Re8 Kh6 38. Rh8 b5 39. Qg4 Kg7 40. Rc8 Ne7 41. Rc7 Qe6 42. Qg3 Qd6 43. Ra7 Qxg3 0-1